00322nam a2200121 a 4500001000400000003000500004005001700009008004100026040002000067100001900087245007400106260002000180852CDMR20130116135158.0130130s1974||||||||||||||||||||||||||||d aCDMRbcatcCDMR1 aNoy, Francisco13aEl Sirventes provenzal como género periodístico...cFrancisco Noy aBarcelonac1974